000 nam a22 7a 4500
999 _c126447
_d126447
008 170511b xxu||||| |||| 00| 0 eng d
050 _aBV2185.C397 2013
245 _aA centuary of catholic mission
_bRoman catholic missiology 910 to the present
_cEdited by Stephen B. Bevans
260 _aOxford
_bRegnum Books International
_c2013
300 _aviii, 313p. ;
_c23cm.
440 _aRegnum edinburgh centenary
_vv.15
_930819
650 _aCatholic church
_xMissions
_xHistory
_y20th century
_930820
700 _aBevans, Stephen B.
_eed.
_930821
942 _2lcc
_cMONOGRAPH